Deutsche Youtuber Quiz - Statistiken

Allgemein
  • Dieses Quiz wurde 4.195 mal gespielt
  • Das Durchschnittsergebnis liegt bei 7 aus 15
Antwortstatistiken
Tipp Antwort % Korrekt
Ist Schwanger (2018) Bibi
88%
Hat vor kurzem seine eigene Tanzschule gegründet Julien Bam
84%
Größter Deutscher Letsplayer Gronkh
76%
Hat eine Schuh-Sammlung Apored
75%
Bekanntester deutscher Nintendo Letsplayer Domtendo
60%
Größter Meinungsblogger und "Kanalzerstörer" Kuchentv
53%
Bekannt wegen seiner Ausraster bei z.B. Minecraft Rewinside
53%
Hat viele "Haider" Drachenlord
51%
Hatte 2017 durch Reaction Videos einen Hype Ungespielt
49%
Kritisiert wegen leicht pornografischen Inhalt Katjakrasavice
41%
Größter Newsyoutuber 2013 - 2016 MrTrashpack
37%
Bekannt durch Comedy FAQs iBlali
29%
Tatsächlich größter deutscher Kanal (2018) Freekickerz
28%
Macher von "Tubeclash" DarkVictory
17%
Bekannter Pokemon Kanal Lennyficate
10%
Keine übereinstimmenden Quizze gefunden
Verteilung der Resultate
Anzahl Personen mit jedem Resultat
Perzentil nach korrekt beantworteten Fragen
Ihre Resultats-Entwicklung
Sie haben dieses Quiz noch nicht gespielt